00506nam a22001697a 450000500170000001000130001702000260003003500130005603700260006908200060009510000100010124500440011126000410015527000880019630000220028449000300030620200915151058.0 aB-732632 a9789388754088c399.00 aB-732632 bWestland Publications aN aAmish aRaavan:benemy of Aryavarta /cby Amish aChennaibWestland Publicationsc2019 a1st Floor, A Block, East Wing, Plot No. 40, SP Infocity, PerungudibChennaie600096 a374p.c20cm(pbk)  aRam Chandra Series Book 3